Complete the Card - WWE SummerSlam 2003 - Statistics

General Stats
  • This quiz has been taken 364 times
  • The average score is 18 of 22
Answer Stats
Answer % Correct
Triple H
100%
Chris Jericho
96%
Kane
96%
Goldberg
95%
Shawn Michaels
95%
Randy Orton
94%
Brock Lesnar
92%
Kurt Angle
92%
Eddie Guerrero
89%
The Undertaker
89%
Chris Benoit
87%
Rob Van Dam
87%
Bubba Ray Dudley
84%
D-Von Dudley
84%
Kevin Nash
79%
Shane McMahon
74%
Rene Dupree
55%
Rhyno
55%
A-Train
52%
Sylvain Grenier
52%
Tajiri
52%
Eric Bischoff
51%
No matching quizzes found
Score Distribution
Percent of People with Each Score
Percentile by Number Answered
Your Score History
You have not taken this quiz